=LDR 00000nam 2200000 4500 =001 INLIS000000000051538 =005 20200914112445 =035 ##$$a 0010-0917000342 =007 ta =008 200914###########################0###### =020 ##$$a 978-602-978-801-3 =082 ##$$a 305.9 =084 ##$$a 305.9 -Put-k =100 #$$a Sitiatava Rizema putra =245 1#$$a Komonitas-komonitas ekstrem di dunia =260 ##$$a Jogjakarta :$b Flashbooks,$c 2011 =300 ##$$a 203 Hlm : $b illus ; $c 21 Cm =990 ##$$a 01201711789